000 01723nam a2200457 c 4500
001 20282
003 ES-MaCES
005 20180321141227.0
008 070704s2007 sp l 000 | spa d
017 _aNA 873-2007
_bDL
020 _a9788483552063
035 _aCES20070008233m
040 _aES-MaCES
_bspa
_cES-MaCES
100 1 _aBaviera Puig, Inmaculada
_97294
245 1 3 _aLa protección de la dependencia
_b: un estudio global : claves para su aplicación y desarrollo legislativo
_cInmaculada Baviera Puig ; prólogo, Antonio V. Sempere Navarro
250 _a1ª ed
260 _aCizur Menor (Navarra)
_bThomson Aranzadi
_c2007
300 _a235 p.
_c21 cm
490 1 _aThe global Law Collection. Legal studies series
500 _aEn la port.: Cátedra Garrigues, Universidad de Navarra
504 _aBibliografía: p. 209-235
541 _cCompra
650 4 _avejez
_928520
650 4 _aprotección social
_929076
650 4 _acuidados de larga duración
_930677
650 4 _aasistencia a las personas de edad avanzada
_927061
650 4 _acuidado a las personas con discapacidad
_927063
650 4 _aderecho internacional
_926684
650 4 _aderecho comparado
_929868
650 4 _aderecho comunitario
_929866
650 4 _aEspaña
_926964
650 4 _alegislación de seguridad social
_929855
650 4 _acampo de aplicación
_930263
653 1 0 _aDerecho del trabajo y Seguridad Social
700 1 _aSempere Navarro, Antonio Vicente
_ecol.
_923834
710 2 _95316
_aUniversidad de Navarra
830 0 _aThe global Law Collection
_pLegal studies series
_934310
902 _aLIB Libro
942 _2CES
_cBK
_h6.0.1.
999 _c20282
_d20282